Universities at war / (Record no. 483314)
[ view plain ]
| 000 -LEADER | |
|---|---|
| fixed length control field | 01851cam a2200397 i 4500 |
| 001 - CONTROL NUMBER | |
| control field | EDZ0000989050 |
| 003 - CONTROL NUMBER IDENTIFIER | |
| control field | StDuBDS |
| 005 - DATE AND TIME OF LATEST TRANSACTION | |
| control field | 20161031105257.0 |
| 006 - FIXED-LENGTH DATA ELEMENTS--ADDITIONAL MATERIAL CHARACTERISTICS--GENERAL INFORMATION | |
| fixed length control field | m||||||||d|||||||| |
| 007 - PHYSICAL DESCRIPTION FIXED FIELD--GENERAL INFORMATION | |
| fixed length control field | cr ||||||||||| |
| 008 - FIXED-LENGTH DATA ELEMENTS--GENERAL INFORMATION | |
| fixed length control field | 141203s2015 cau fo 001|0|eng|d |
| 020 ## - INTERNATIONAL STANDARD BOOK NUMBER | |
| International Standard Book Number | 9781473910263 (ebook) : |
| Terms of availability | No price |
| 040 ## - CATALOGING SOURCE | |
| Original cataloging agency | StDuBDS |
| Language of cataloging | eng |
| Transcribing agency | StDuBDS |
| Description conventions | rda |
| -- | pn |
| 049 ## - LOCAL HOLDINGS (OCLC) | |
| Holding library | Alfaisal Main Library |
| 050 #4 - LIBRARY OF CONGRESS CALL NUMBER | |
| Classification number | LB2322.2 |
| 082 04 - DEWEY DECIMAL CLASSIFICATION NUMBER | |
| Classification number | 378.01 |
| Edition number | 23 |
| 100 1# - MAIN ENTRY--PERSONAL NAME | |
| Personal name | Docherty, Thomas, |
| Relator term | author. |
| 245 10 - TITLE STATEMENT | |
| Title | Universities at war / |
| Statement of responsibility, etc | Thomas Docherty. |
| 264 #1 - PRODUCTION, PUBLICATION, DISTRIBUTION, MANUFACTURE STATEMENTS | |
| Place of production, publication, distribution, manufacture | Thousand Oaks, California : |
| Name of producer, publisher, distributor, manufacturer | SAGE Publications, |
| Date of production, publication, distribution, manufacture | 2015. |
| 300 ## - PHYSICAL DESCRIPTION | |
| Extent | 1 online resource |
| 336 ## - CONTENT TYPE | |
| Content Type Term | text |
| Source | rdacontent |
| 337 ## - MEDIA TYPE | |
| Media Type Term | computer |
| Source | rdamedia |
| 338 ## - CARRIER TYPE | |
| Carrier Type Term | online resource |
| Source | rdacarrier |
| 500 ## - GENERAL NOTE | |
| General note | Includes index. |
| 520 8# - SUMMARY, ETC. | |
| Summary, etc | An impassioned and controversial exploration of the future of the university. On one side are self-proclaimed modernisers who view the institution as vital to national economic success, its principles of private and personal enrichment necessary conditions of 'progress'. On the other side the university is about extending human possibilities and freedoms, seeking earnestly for social justice, and participating in democracy. This book analyses the former position, and argues for the necessity of taking sides with the latter. |
| 521 ## - TARGET AUDIENCE NOTE | |
| Target audience note | Specialized. |
| 588 ## - | |
| -- | Description based on online resource; title from home page (viewed on November 13, 2015). |
| 650 #0 - SUBJECT ADDED ENTRY--TOPICAL TERM | |
| Topical term or geographic name as entry element | Education, Higher |
| General subdivision | Aims and objectives. |
| 650 #0 - SUBJECT ADDED ENTRY--TOPICAL TERM | |
| Topical term or geographic name as entry element | Universities and colleges. |
| 650 #0 - SUBJECT ADDED ENTRY--TOPICAL TERM | |
| Topical term or geographic name as entry element | Education, Higher |
| General subdivision | Philosophy. |
| 655 #7 - INDEX TERM--GENRE/FORM | |
| Genre/form data or focus term | Electronic books. |
| Source of term | local |
| 710 2# - ADDED ENTRY--CORPORATE NAME | |
| Corporate name or jurisdiction name as entry element | Sage eBooks |
| 776 08 - ADDITIONAL PHYSICAL FORM ENTRY | |
| Display text | Print version : |
| International Standard Book Number | 9781473907782 |
| 856 40 - ELECTRONIC LOCATION AND ACCESS | |
| Uniform Resource Identifier | <a href="http://ezproxy.alfaisal.edu/login?url=http://sk.sagepub.com/books/universities-at-war">http://ezproxy.alfaisal.edu/login?url=http://sk.sagepub.com/books/universities-at-war</a> |
| 942 ## - ADDED ENTRY ELEMENTS (KOHA) | |
| Source of classification or shelving scheme | Library of Congress Classification |
| Koha item type | eBooks |
No items available.

